Every town in Sweden: Västerbotten - Statistics

General Stats
  • This quiz has been taken 4 times
  • The average score is 26 of 33
Answer Stats
Municipality Letter Population City/Town % Correct
Åsele Å 2,055 Åsele
100%
Bjurholm B 1,104 Bjurholm
100%
Skellefteå B 1,698 Boliden
100%
Skellefteå B 1,717 Burträsk
100%
Dorotea D 1,650 Dorotea
100%
Skellefteå K 2,446 Kåge
100%
Lycksele L 9,114 Lycksele
100%
Malå M 2,209 Malå
100%
Nordmaling N 2,666 Nordmaling
100%
Norsjö N 2,180 Norsjö
100%
Robertsfors R 2,147 Robertsfors
100%
Skellefteå S 50,706 Skellefteå
100%
Skellefteå S 8,058 Skelleftehamn
100%
Sorsele S 1,373 Sorsele
100%
Storuman S 2,410 Storuman
100%
Umeå U 135,233 Umeå
100%
Skellefteå U 4,205 Ursviken
100%
Vännäs V 4,813 Vännäs
100%
Vilhelmina V 3,806 Vilhelmina
100%
Vindeln V 2,455 Vindeln
100%
Skellefteå B 2,490 Bureå
67%
Umeå E 1,570 Ersmark
67%
Skellefteå E 1,008 Ersmark
67%
Umeå H 5,840 Holmsund
67%
Umeå O 2,251 Obbola
67%
Vännäs V 2,096 Vännäsby
67%
Skellefteå B 1,916 Bergsbyn
33%
Skellefteå B 1,895 Byske
33%
Umeå H 2,705 Hörnefors
33%
Nordmaling R 1,015 Rundvik
33%
Umeå S 2,783 Sävar
33%
Umeå R 2,397 Röbäck
0%
Umeå T 1,422 Täfteå
0%
No matching quizzes found
Score Distribution
Percent of People with Each Score
Percentile by Number Answered
Your Score History
You have not taken this quiz